| 000 | 00933cam a2200289Ia 4500 | ||
|---|---|---|---|
| 001 | ocm36844195 | ||
| 005 | 20180712141702.0 | ||
| 008 | 180712s1995 ag b 001 0 spa d | ||
| 020 | _z9561313057 | ||
| 020 | _a9789561313057 | ||
| 035 | _a(OCoLC)36844195 | ||
| 040 |
_aCo-BoUCM _bspa _cSaul Niño _dSaul Niño |
||
| 041 | 1 |
_aspa _heng |
|
| 100 | 1 |
_aGoudsblom, Johan _993033 |
|
| 245 | 1 | 0 |
_aFuego y civilización _cJohan Goudsblom ; traducción de Oscar Luis Molina S. |
| 260 |
_aBuenos Aires _bAndrés Bello _c1995 |
||
| 300 | _a312 páginas | ||
| 650 | 7 |
_aFuego _916155 |
|
| 650 | 7 |
_aCivilización _xHistoria _928998 |
|
| 650 | 7 |
_aReligión y cultura _923506 |
|
| 650 | 7 |
_aCiencias sociales _910815 |
|
| 650 | 7 |
_aSociología _9386 |
|
| 700 | 1 | 0 |
_aMolina S., Oscar Luis _etraductor _993034 |
| 765 | _tFire and civilization | ||
| 942 |
_2DEWEY _a5 _cLIBRO _e1 _h363.37 _mG688 |
||
| 999 |
_c310073 _d310073 |
||